Thiết kế và thi công nền đắp trên đất yếu

Giới thiệu về đất và một số khái niệm cơ bản về cơ học đất. Đất yếu và các vấn đề đặt ra khi thiết kế và thi công nền đắp trên đất yếu. Xác định các đặc trưng địa kĩ thuật của đất yếu. Nghiên cứu về độ ổn định, độ lún và...

全面介绍

Đã lưu trong:
书目详细资料
主要作者: Nguyễn, Quang Chiêu
格式: 图书
语言:Undetermined
出版: Hà Nội Xây dựng 2010
主题:
标签: 添加标签
没有标签, 成为第一个标记此记录!
Thư viện lưu trữ: Trung tâm Học liệu Trường Đại học Cần Thơ
LEADER 01261nam a2200205Ia 4500
001 CTU_168955
008 210402s9999 xx 000 0 und d
020 |c 52000 
082 |a 624.15 
082 |b Ch309 
100 |a Nguyễn, Quang Chiêu 
245 0 |a Thiết kế và thi công nền đắp trên đất yếu 
245 0 |c Nguyễn Quang Chiêu 
260 |a Hà Nội 
260 |b Xây dựng 
260 |c 2010 
520 |a Giới thiệu về đất và một số khái niệm cơ bản về cơ học đất. Đất yếu và các vấn đề đặt ra khi thiết kế và thi công nền đắp trên đất yếu. Xác định các đặc trưng địa kĩ thuật của đất yếu. Nghiên cứu về độ ổn định, độ lún và ảnh hưởng của lún đối với móng cọc. Kĩ thuật xây dựng nền đắp trên đất yếu. Kiểm tra thi công hiện trường và theo dõi công trình đã hoàn thành 
650 |a Foundations,Soil mechanics,Nền đất,Cơ học đất 
904 |i Trọng Hiếu 
980 |a Trung tâm Học liệu Trường Đại học Cần Thơ